000
00204nam a22000977a 4500
041
_a
eng
080
_a
80
100
_a
Каушанская, В. Л.
245
_a
English Grammar Exercises.
999
_c
280506
_d
280506
942
_c
BK